000 00322nam a22001451a 4500
999 _c167778
_d167778
082 _aH2
_bSUD/S
100 _aSudarshan
245 _aSikandar/
_cby Sudarshan.
260 _aNew Delhi:
_bRajpal,
_c1987.
300 _a129p.
650 _aDrama Hindi
650 _aLiterature Hindi
650 _aLiterature
942 _cBK